| Tag |
First Indicator |
Second Indicator |
Subfields |
| LEADER |
00000cam a2200000 a 4500 |
| 001 |
in00000012433 |
| 005 |
20211204063155.0 |
| 008 |
860922s1987 ncu b s00110 eng |
| 010 |
|
|
|a 86024703
|
| 020 |
|
|
|a 0807817376
|
| 035 |
|
|
|a (OCoLC)14358756
|
| 035 |
|
|
|9 AAA4997AM
|
| 040 |
|
|
|a DLC
|c DLC
|d TXA
|d UtOrBLW
|
| 043 |
|
|
|a e-pl---
|
| 049 |
|
|
|a TXAM
|c [A11041359]
|
| 050 |
0 |
0 |
|a DS135.P6
|b E54 1987
|
| 082 |
0 |
|
|a 940.53/15/039240438
|2 19
|
| 100 |
1 |
|
|a Engel, David
|c (Professor)
|
| 245 |
1 |
0 |
|a In the shadow of Auschwitz :
|b the Polish government-in-exile and the Jews, 1939-1942 /
|c by David Engel.
|
| 264 |
|
1 |
|a Chapel Hill :
|b University of North Carolina Press,
|c [1987]
|
| 264 |
|
4 |
|c ©1987
|
| 300 |
|
|
|a xii, 338 pages ;
|c 24 cm.
|
| 336 |
|
|
|a text
|b txt
|2 rdacontent
|
| 337 |
|
|
|a unmediated
|b n
|2 rdamedia
|
| 338 |
|
|
|a volume
|b nc
|2 rdacarrier
|
| 504 |
|
|
|a Bibliography: pages [307]-319.
|
| 500 |
|
|
|a Includes index.
|
| 650 |
|
0 |
|a Jews
|z Poland
|x Politics and government.
|
| 650 |
|
0 |
|a Holocaust, Jewish (1939-1945)
|z Poland.
|
| 651 |
|
0 |
|a Poland
|x History
|y Occupation, 1939-1945.
|
| 610 |
2 |
0 |
|a Rzeczpospolita Polska (Government-in-exile)
|
| 651 |
|
0 |
|a Poland
|x Ethnic relations.
|
| 740 |
0 |
|
|a Auschwitz.
|
| 999 |
|
|
|a MARS
|
| 999 |
f |
f |
|s 65321343-1e9e-3d74-a3a9-c4ed3c0f0104
|i 38c44341-94e4-36d5-9c5f-47802b2d9f9c
|t 0
|
| 952 |
f |
f |
|p ric
|a Texas A&M University
|b Rellis Campus
|c Joint Library Facility
|d Remote Storage
|t 0
|e DS135.P6 E54 1987
|h Library of Congress classification
|i unmediated -- volume
|m A14811041359
|
| 998 |
f |
f |
|a DS135.P6 E54 1987
|t 0
|l Remote Storage
|